Score 0/7 Timer 03:00
0 Plays Today
Question Answer Wrong Answers
This Hungarian-born actress dies in Los Angeles less than two months from her 100th birthday.
2016
Zsa Zsa Gabor
86.6%
Ingrid Bergman
6.6%
Olivia de Havilland
2.8%
Vivien Leigh
2%
Ioseb Besarionis dze Jughashvili is born in Gori (now part of Georgia). He would later rule the Soviet Union for over 30 years, when he was known by this name.
1878
Joseph Stalin
70.6%
Vladimir Lenin
18.6%
Nikita Khrushchev
5.3%
Leonid Brezhnev
5%
Ray & Dave Davies, founding members of this rock band, perform live together for the first time in 20 years at Islington Assembly Hall in London.
2015
The Kinks
59.1%
The Clash
19.9%
Deep Purple
8.2%
Jethro Tull
10.8%
This state becomes the third (after Delaware and Pennsylvania) to ratify the United States Constitution.
1787
New Jersey
55.4%
North Carolina
12.5%
Rhode Island
28.9%
Ohio
3.1%
The How the Grinch Stole Christmas! TV special, narrated by this actor, debuts on CBS.
1966
Boris Karloff
52.4%
John Wayne
6.6%
Vincent Price
32.1%
Rock Hudson
7.7%
Charles Dawson claims the discovery of Piltdown Man at a gravel pit in this nation. The purported fossilized early human that was later exposed as a hoax.
1912
United Kingdom
52%
Ireland
11.9%
Australia
24.5%
France
10.7%
A civil war begins in this African nation, eventually resulting in two major battles in the capital city of N'Djamena.
2005
Chad
37.5%
Sudan
43%
Mauritania
3.5%
Burkina Faso
14.4%
Remove Ads.
Support Sporcle.
Get the best of Sporcle when you Go Orange. This ad-free experience offers more features, more stats, and more fun while also helping to support Sporcle. Thank you for becoming a member.

You're not logged in!

Compare scores with friends on all Sporcle quizzes.
OR
Log In

Show Comments

Extras

Top Quizzes Today


Score Distribution

Your Account Isn't Verified!

In order to create a playlist on Sporcle, you need to verify the email address you used during registration. Go to your Sporcle Settings to finish the process.

Report this User

Report this user for behavior that violates our Community Guidelines.

Details: